| 000 | 00345nam a2200145Ia 4500 | ||
|---|---|---|---|
| 008 | 150201s2002 xx 000 0 und d | ||
| 082 |
_a616.08 _bD2002G |
||
| 100 | _aABHISHEK GUPTA | ||
| 245 | _aDENTAL DIFFERENTIAL DIAGNOSIS | ||
| 250 | _a1ST | ||
| 260 |
_bAITBS _aDELHI _c2002 |
||
| 300 | _a1-648 | ||
| 650 | _aORAL MEDICINE | ||
| 942 |
_2ddc _cBK |
||
| 999 |
_c2773 _d2773 |
||